Sports Quiz

Random Sports or WWE Quiz

Who these WWE/WWF stars faced at Summer Slam Quiz Stats

 Plays Quiz not verified by Sporcle

Score 0/58 Timer 04:00
0 Plays Today
Hint Answer % Correct
Ted DibiaseHulk Hogan
92.1%
Shawn MichaelsHulk Hogan
92.1%
Curt HennigBret Hart
90.6%
The British BulldogBret Hart
90.6%
Shawn MichaelsTriple H
83.2%
Shawn MichaelsTriple H
83.2%
WarriorRick Rude
79.2%
WarriorRick Rude
79.2%
WarriorRandy Savage
77.2%
Ted DibiaseRandy Savage
77.2%
WarriorHonky Tonk Man
70.3%
Curt HennigShawn Michaels
70.3%
Shawn MichaelsRandy Orton
67.3%
WarriorSgt. Slaughter
66.8%
Big Boss manAx
66.3%
Jim NeidhartAx
66.3%
Ted DibiaseRazor Ramon
65.8%
Shawn MichaelsRazor Ramon
65.8%
Big Boss manSmash
65.3%
Jim NeidhartSmash
65.3%
Jim NeidhartSmash
65.3%
Jim NeidhartCrush
61.4%
Shawn MichaelsChris Jericho
57.9%
Shawn MichaelsCody Rhodes
57.9%
Shawn MichaelsTed Dibiase Jr
57.4%
WarriorGeneral Adnan
55.9%
Shawn MichaelsRick Martel
55.9%
Shawn MichaelsRick Martel
55.9%
WarriorCol. Mustafa
55.4%
Hint Answer % Correct
Shawn MichaelsMr Perfect
54.5%
Ted DibiaseHawk
53.5%
Ted DibiaseVirgil
53%
Ted DibiaseAnimal
53%
Big Boss manThe Mountie
52%
Shawn MichaelsVader
51%
The British BulldogHercules
47.5%
Shawn MichaelsHercules
47.5%
The British BulldogWarlord
47%
Shawn MichaelsKevin Nash
46%
Curt HennigThe Texas Tornado
44.6%
Jim NeidhartArn Anderson
44.6%
The British BulldogJacques Rougeau
44.1%
The British BulldogRaymond Rougeau
44.1%
Shawn MichaelsJacques Rougeau
44.1%
Shawn MichaelsRaymond Rougeau
44.1%
Jim NeidhartTully Blanchard
43.1%
Shawn MichaelsBill Goldberg
42.6%
The British BulldogPaul Roma
42.1%
The British BulldogSycho Sid
42.1%
Shawn MichaelsPaul Roma
42.1%
Shawn MichaelsVince McMahon
40.6%
Shawn MichaelsShane McMahon
40.6%
Big Boss manJim Duggan
37.6%
Big Boss manKoko B Ware
35.6%
Ted DibiaseJimmy Snuka
34.7%
The British BulldogKen Shamrock
31.7%
Curt HennigThe Red Rooster
29.7%
Big Boss manAl Snow
28.7%

You're not logged in!

Compare scores with friends on all Sporcle quizzes.
OR
Log In

Sporcle TV

Today on Sporcle TV


Watch our educational content, quiz creation guides, and fun videos on Sporcle TV.

Show Comments

Extras

Top Quizzes Today


Score Distribution

Your Account Isn't Verified!

In order to create a playlist on Sporcle, you need to verify the email address you used during registration. Go to your Sporcle Settings to finish the process.

Report this User

Report this user for behavior that violates our Community Guidelines.

Details: